STN EN 71-2: 2022 (94 3094), Bezpečnosť hračiek Časť 2 Horľavosť
Táto norma je slovenskou verziou európskej normy EN 71-2: 2020. Preklad zabezpečil Úrad pre normalizáciu, metrológiu a skúšobníctvo Slovenskej republiky. Táto norma má rovnaké postavenie, ako majú oficiálne verzie
| Corporate Author: | |
|---|---|
| Other Authors: | |
| Format: | Book |
| Language: | Slovak English |
| PhysicalDescription: | 32 strán obrázky, tabuľky 30 cm |
| Published: |
Bratislava
Úrad pre normalizáciu, metrológiu a skúšobníctvo Slovenskej republiky
2022
|
| Subjects: |
MARC
| LEADER | 00000cam a2200000 a 4500 | ||
|---|---|---|---|
| 001 | vtls012084594 | ||
| 003 | SK-MaSNL | ||
| 005 | 20260301191430.0 | ||
| 008 | 220125s2022 xo a f u 000 0 slo | ||
| 040 | |a SNK |b slo |c SNK |e AACR2 | ||
| 041 | 1 | |a slo |h eng | |
| 044 | |a xo |c SK | ||
| 046 | |a s |m 20220101 (účin.) | ||
| 072 | 7 | |a 688 |x Dekoračné predmety. Hračky. Galantéria |2 konspekt | |
| 072 | 7 | |a 536 |x Teplo. Termodynamika |2 konspekt | |
| 080 | |a 688.7 |2 2001 | ||
| 080 | |a 006.7/.8 |2 2011 | ||
| 080 | |a (437.6) |2 2011 | ||
| 080 | |a (4) |2 2011 | ||
| 080 | |a 536.468 |2 2001 | ||
| 084 | |a 13.220.40 |2 ICS | ||
| 084 | |a 97.200.50 |2 ICS | ||
| 130 | 0 | |a STN 94 3094 (STN EN 71-2) |9 568018 | |
| 245 | 1 | 0 | |a STN EN 71-2: 2022 (94 3094), Bezpečnosť hračiek |n Časť 2 |p Horľavosť |
| 246 | 1 | 0 | |a Bezpečnosť hračiek. Časť 2 |
| 246 | 1 | 0 | |a Horľavosť |
| 246 | 3 | 0 | |a EN 71-2: 2020 SK |
| 260 | |a Bratislava |b Úrad pre normalizáciu, metrológiu a skúšobníctvo Slovenskej republiky |c 2022 | ||
| 300 | |a 32 strán |b obrázky, tabuľky |c 30 cm | ||
| 500 | |a Súbežný názov v angličtine, francúzštine, nemčine | ||
| 500 | |a Spracovateľ: Natália Kočanová, CENISO, Bratislava | ||
| 500 | |a Táto norma nahrádza anglickú verziu STN EN 71-2 z apríla 2021, ktorá od 1.4.2021 nahradila STN EN 71-2+A1 zo septembra 2014 v celom rozsahu | ||
| 504 | |a Normatívne referenčné dokumenty s. 2 ; literatúra s. 31 | ||
| 520 | 8 | |a Táto norma je slovenskou verziou európskej normy EN 71-2: 2020. Preklad zabezpečil Úrad pre normalizáciu, metrológiu a skúšobníctvo Slovenskej republiky. Táto norma má rovnaké postavenie, ako majú oficiálne verzie | |
| 540 | |a STN vydané na akomkoľvek nosiči sa môžu rozmnožovať a rozširovať iba so súhlasom určenej právnickej osoby |b SÚTN Bratislava |c zákon 60/2018 Z. z. | ||
| 650 | 0 | 7 | |a hračky |2 SNKPH |9 25248 |
| 650 | 0 | 7 | |a technické normy a štandardy |z Slovensko |2 SNKPH |9 79594 |
| 650 | 0 | 7 | |a technické normy a štandardy |z krajiny Európskej únie |2 SNKPH |9 289341 |
| 650 | 0 | 7 | |a horľavosť |2 SNKPH |9 14887 |
| 650 | 0 | 7 | |a bezpečnosť |2 SNKPH |9 274422 |
| 650 | 0 | 7 | |a Toys |2 SNKPHeng |9 322648 |
| 650 | 0 | 7 | |a Flammability |2 SNKPHeng |9 407793 |
| 655 | 7 | |a normy |2 SNKPH |9 70643 | |
| 700 | 1 | |a Kočanová, Natália |4 trl |9 309870 | |
| 710 | 1 | |a Slovensko. |b Úrad pre normalizáciu, metrológiu a skúšobníctvo |4 stn |9 158117 | |
| 710 | 2 | |a Slovenský ústav technickej normalizácie (Bratislava, Slovensko). |b Technická komisia č. 18 Textil, hračky a výrobky pre deti |4 stn |9 359545 | |
| 710 | 2 | |a CENISO (Bratislava, Slovensko) |9 309871 | |
| 852 | |a Štátna vedecká knižnica v Banskej Bystrici | ||
| 958 | |a OP | ||
| 958 | |a NB | ||
| 999 | |c 871014 |d 872944 | ||
| 952 | |a SNK |b SNK |y PREZ |7 0 |p 17A1532192 |o snkSTN EN 71-2 |i snk2023/11545 |8 0 |0 0 |1 0 |4 0 |d 2023-08-02 |l 0 |r 2026-02-24 05:41:58 |w 2026-02-24 | ||


